000 01467nam0a22003011 4500
001 v19\rc\1993052
005 20120806162129.7
035 _a(NLR Aleph) 005271361
090 _a6002996
_c6002996
100 _a20080811d1916 |||y0rusy50 ca
101 0 _arus
102 _aRU
105 _ay z |||||
200 1 _aПо поводу рецензии прив.-доц. Барыкина о моей книге "Предохранительные прививки"
_fС.С. Абрамов, прив.-доц. Моск. ун-та
210 _aМосква
_cтип. "Земля"
_d[1916]
215 _a8 с.
_d22
500 1 0 _6z01702
_aПредохранительные прививки
532 1 2 _aПо поводу рецензии приват-доцента Барыкина о моей книге Предохранительные прививки"
700 1 _aАбрамов
_bС. С.
_cд-р медицины
_f1876-1951
_gСергей Семенович
_3RU\NLR\AUTH\77113641
_7ca
702 1 _6z01500
_aАбрамов
_bС. С.
_cд-р медицины
_f1876-1951
_gСергей Семенович
_3RU\NLR\AUTH\77113641
_4570
_7ca
702 1 _aБарыкин
_bВ. А.
_f1874-1942
_gВладимир Александрович
_4570
801 0 _aRU
_bNLR
_c20080811
_gpsbo
801 0 _aRU
_bRuMoRGB
_c20080811
_2psbo
801 1 _aRU
_bProSoft-M
_c20080811
_2rusmarc
801 2 _aRU
_bNLR
_c20120806
_2rusmarc
852 _aNLR
_j37.63.8.207
942 _cBOOK
980 _aNB